|
|
|
|
| LEADER |
00000nam a22000007a 4500 |
| 005 |
20140331025743.0 |
| 007 |
cr|||| |||| |
| 008 |
140331s2014 es |||||s|||| 00||0 spa d |
| 035 |
|
|
|a 11842
|
| 040 |
|
|
|a vLex
|
| 090 |
|
|
|c 4743
|d 4743
|
| 100 |
1 |
|
|a Martn̕ez Atienza, Gorgonio
|
| 245 |
1 |
0 |
|a Leyes de arrendamiento y Ley hipotecaria
|h [Recurso electrn̤ico] /
|c Gorgonio Martn̕ez Atienza
|
| 256 |
|
|
|a Servicio en ln̕ea
|
| 260 |
|
|
|a Barcelona:
|b Editorial vLex,
|c 2014
|
| 300 |
|
|
|a 1 recurso electrn̤ico
|
| 506 |
1 |
|
|a Disponible solo en los productos indicados
|d vLex Global
|d vLex Global (Academic Edition, excluding Law Schools)
|d vLex Global (U.S. Academic Edition, Law Schools)
|d vLex Global (U.S. Academic Edition, excluding Law Schools)
|d vLex Global (Academic Edition, Law Schools)
|
| 650 |
0 |
4 |
|a Derecho Mercantil
|z Espaą
|x Legislacin̤
|
| 650 |
0 |
4 |
|a Arrendamientos
|
| 650 |
0 |
4 |
|a Hipotecas
|
| 740 |
0 |
|
|a vLex Libros (Servicio en ln̕ea)
|
| 856 |
4 |
0 |
|u http://vlex.com/source/ley-arrendamiento-ley-hipotecaria-11842
|z Acceso restringido
|
| 942 |
|
|
|c BOOK
|
| 999 |
0 |
|
|a Commercial Law
|
| 999 |
0 |
|
|a Leases
|
| 999 |
0 |
|
|a Mortgages
|